000
00223 a2200097 4500
001
39785
100
_a
Shaukat Ali
245
_a
Dictionary Mazameen Al Quran
260
_a
Lahore
_b
Maqbool Academy
_c
090
_c
24792
_d
24792
942
_a
NUST-CAE
_c
M
_c
16438
999
_c
274858
_d
274858